00655nam a22001937a 4500003000900000008004100009040007100050082001800121100002200139245005400161260003600215300002500251505011500276650001100391650001300402650001300415650001300428700002000441AR-CdUCM190307b ||||| |||| 00| 0 spa d aMUNICIPALIDAD PROVINCIAL DEL CUSCOcBIBLIOTECA MUNICIPAL DEL CUSCO a342.2 /bOS77 aOsgood, Robert E. aLas Alianzas :bSu funcionamiento Internacional / aMexico :bEditorial Pax,c1971. a211 paginas ;c20cm. aContenido: La guerra Fria -- La indole de las alianzas -- Politica norteamericana -- Las alianzas en europa... aGuerra aAlianzas aPolitica aSiglo XX aMateo, Andrea M